Thinking, fast and slow / (Record no. 16828)

MARC details
000 -LEADER
fixed length control field 00859cam a22002775a 4500
001 - CONTROL NUMBER
control field 16846205
005 - DATE AND TIME OF LATEST TRANSACTION
control field 20201128020932.0
008 - FIXED-LENGTH DATA ELEMENTS--GENERAL INFORMATION
fixed length control field 110627s2011 nyua b 001 0 eng
020 ## - INTERNATIONAL STANDARD BOOK NUMBER
International Standard Book Number 0374275637
020 ## - INTERNATIONAL STANDARD BOOK NUMBER
International Standard Book Number 9780374275631
040 ## - CATALOGING SOURCE
Original cataloging agency DLC
Transcribing agency DLC
Modifying agency DLC
-- EG-ScBUE
Language of cataloging eng
082 04 - DEWEY DECIMAL CLASSIFICATION NUMBER
Classification number 153.42
Edition number 23
Item number KAH
100 1# - MAIN ENTRY--PERSONAL NAME
Personal name Kahneman, Daniel,
Dates associated with a name 1934-
9 (RLIN) 30399
245 10 - TITLE STATEMENT
Title Thinking, fast and slow /
Statement of responsibility, etc Daniel Kahneman.
250 ## - EDITION STATEMENT
Edition statement 1st ed.
260 ## - PUBLICATION, DISTRIBUTION, ETC. (IMPRINT)
Place of publication, distribution, etc New York :
Name of publisher, distributor, etc Farrar Straus and Giroux,
Date of publication, distribution, etc 2011.
300 ## - PHYSICAL DESCRIPTION
Extent 499 p. :
Other physical details ill. ;
Dimensions 24 cm.
504 ## - BIBLIOGRAPHY, ETC. NOTE
Bibliography, etc Includes bibliographical references and index.
650 #7 - SUBJECT ADDED ENTRY--TOPICAL TERM
Topical term or geographic name as entry element Thought and thinking.
9 (RLIN) 737
Source of heading or term BUEsh
650 #7 - SUBJECT ADDED ENTRY--TOPICAL TERM
Topical term or geographic name as entry element Decision making.
9 (RLIN) 12112
Source of heading or term BUEsh
650 #7 - SUBJECT ADDED ENTRY--TOPICAL TERM
Topical term or geographic name as entry element Intuition.
9 (RLIN) 30402
Source of heading or term BUEsh
650 #7 - SUBJECT ADDED ENTRY--TOPICAL TERM
Topical term or geographic name as entry element Reasoning.
9 (RLIN) 30403
Source of heading or term BUEsh
651 ## - SUBJECT ADDED ENTRY--GEOGRAPHIC NAME
Source of heading or term BUEsh
653 ## - INDEX TERM--UNCONTROLLED
Resource For college Generalities
Arrived date list July2012
-- December2017
942 ## - ADDED ENTRY ELEMENTS (KOHA)
Source of classification or shelving scheme Dewey Decimal Classification
Item type Book - Borrowing
Holdings
Withdrawn status Item status Source of classification or shelving scheme Damaged status Not for loan Vendor Home library Current library Shelving location Date acquired Source of acquisition Cost, normal purchase price Serial Enumeration / chronology Total Checkouts Total Renewals Full call number Barcode Checked out Date last seen Date last borrowed Koha item type
    Dewey Decimal Classification     Baccah Central Library Central Library Lower Floor 08/07/2012   134.00 15359 13 64 153.42 KAH 000026922 21/05/2026 20/01/2026 20/01/2026 Book - Borrowing